=LDR 00000nam 2200000 4500 =001 INLIS000000000006137 =005 20251103034256 =035 ##$$a 0010-1125000011 =007 ta =008 251103################g##########0#ind## =082 ##$$a 304.66 =084 ##$$a 304.66 DEP p =245 1#$$a Petunjuk Pelaksanaan Pengembangan Produktivitas dan Pemberdayaan Keluarga /$c Departemen Tenaga Kerja, Kantor Menteri Negara Kependudukan/Badan Koordinasi Keluarga Berencana Nasional (BKKBN) =260 ##$$a Jakarta :$b Departemen Tenaga Kerja, Kantor Menteri Negara Kependudukan/Badan Koordinasi Keluarga Berencana Nasional (BKKBN),$c 1997 =300 ##$$a 18 hlm. : $b - =650 #4$$a BKKBN =650 #4$$a Pemberdayaan Keluarga =110 2#$$a Departemen Tenaga Kerja =710 2#$$a Kantor Menteri Negara Kependudukan/Badan Koordinasi Keluarga Berencana Nasional (BKKBN)